[Event "US Open-113"]
[Site "Vancouver"]
[Date "2012.08.06"]
[Round "3"]
[White "May, Andrew P"]
[Black "Mulyar, Michael A"]
[Result "0-1"]
[WhiteElo "2113"]
[BlackElo "2378"]
[PlyCount "102"]
[EventDate "2012.08.04"]
[EventType "swiss"]
[EventRounds "9"]
[EventCountry "USA"]
[SourceTitle "CBM 149 Extra"]
[Source "ChessBase"]
[SourceDate "2012.08.24"]
[SourceVersion "1"]
[SourceVersionDate "2012.08.24"]
[SourceQuality "1"]

1. e4 e5 2. Nf3 Nc6 3. d4 exd4 4. Bc4 Bc5 5. c3 Nf6 6. e5 d5 7. Bb5 Ne4 8. cxd4 Bb4+ 9. Bd2 Nxd2 10. Nbxd2 0-0 11. h3 Bd7 12. Bxc6 Bxc6 13. 0-0 Qd7 14. Rc1 Ba4 15. b3 Bb5 16. Re1 Ba3 17. Rc3 c5 18. Rce3 Rac8 19. Qb1 h6 20. e6 fxe6 21. dxc5 Bxc5 22. Rxe6 a5 23. Qg6 Rc6 24. Rxc6 Bxc6 25. Qc2 Qd6 26. Qd3 Qf4 27. Qc3 Bb4 28. Qe3 Qxe3 29. fxe3 d4 30. a3 dxe3 31. axb4 exd2 32. Nxd2 axb4 33. Re3 Rd8 34. Nf3 Rd1+ 35. Kf2 Bd5 36. Re5 Bxb3 37. Rb5 Bd5 38. Rxb4 Ra1 39. h4 Bc6 40. Rb2 Bd5 41. Rb4 Ra2+ 42. Kg3 Bc6 43. h5 Ra5 44. Rh4 Be8 45. Rb4 Rb5 46. Re4 Bxh5 47. Re7 Rb3 48. Kf4 Bxf3 49. gxf3 Kh7 50. Re6 b5 51. Rb6 Rb1 0-1